书目信息 |
| 题名: |
Java大学教程
|
|
| 作者: | 戴特尔 著 | |
| 分册: | ||
| 出版信息: | 北京 电子工业出版社 2004.04 |
|
| 页数: | 759页 | |
| 开本: | 26cm | |
| 丛书名: | ||
| 单 册: | ||
| 中图分类: | TP312 | |
| 科图分类: | ||
| 主题词: | 软件 | |
| 电子资源: | ||
| ISBN: | 7-5053-7693-4 | |
| 000 | 00536nam0 2200193 45 | |
| 001 | 0435886853 | |
| 005 | 2004091509580612 | |
| 010 | @a7-5053-7693-4@dCNY 65.00 | |
| 100 | @a20040915d2004 km y0chiy0120 ea | |
| 101 | 0 | @achi |
| 102 | @aCN@b110000 | |
| 200 | 1 | @aJava大学教程@AJava Da Xue Jiao Cheng@f(美)戴特尔著@F(Mei)Dai Te Er Zhu |
| 210 | @a北京@c电子工业出版社@d2004.04 | |
| 215 | @a759页@d26cm | |
| 606 | 0 | @a软件 |
| 690 | @aTP312@v3 | |
| 701 | 0 | @a戴特尔@ADai Te Er@4著 |
| 801 | 0 | @aCN@bPFT@c20040915 |
| 905 | @a安徽大学@dTP312@eD130 | |
| Java大学教程/(美)戴特尔著.-北京:电子工业出版社,2004.04 |
| 759页;26cm |
| ISBN 7-5053-7693-4:CNY 65.00 |
| ● |
| 相关链接 |
|
|
|
正题名:Java大学教程
索取号:TP312/D130
 
预约/预借
| 序号 | 登录号 | 条形码 | 馆藏地/架位号 | 状态 | 备注 |
| 1 | 393641 | 203936410 | 期刊室512/301自科库 44排4列1层/ [索取号:TP312/D130] | 在馆 | |
| 2 | 393642 | 203936429 | 自科二线400A/400A自科库 7排3列4层/ [索取号:TP312/D130] | 在馆 | |
| 3 | 393643 | 203936438 | 期刊室512/301自科库 44排4列1层/ [索取号:TP312/D130] | 在馆 |